best bobs burgers trivia - Statistics

General Stats
  • This quiz has been taken 278 times
    275 since last reset
  • The average score is 20 of 30
Answer Stats
Hint Answer % Correct
main character (dad) bob belcher
99%
main character (mom) linda belcher
99%
gene belcher
98%
pesto son jimmy pesto jr.
98%
main characters (kids tina belcher
98%
louise belcher
97%
ollie pesto
97%
pesto twins andy pesto
96%
question #1's arch rival jimmy pesto
96%
linda's sister gayle
91%
health inspector hugo
87%
family friend teddy
83%
tina's rival tammy
82%
next door neghbor mort
81%
school councelor mr. frond
80%
louise's rival (male) logan
76%
above's assistant ron
74%
louise's rival (female) millie
72%
above's occupation mortician
67%
what did bob substitute for home-ec teacher
59%
kids' friend game enthusiest darryl
48%
linda's rival cynthia
45%
food critic moody foody
29%
his ex-wife pam
28%
gene's rival choo choo
22%
above's occupation contractor
20%
television host that hates bob chuck
19%
their old show get on up
13%
food provider for the school cathco inc.
2%
above's bff joscelin
2%
No matching quizzes found
Score Distribution
Percent of People with Each Score
Percentile by Number Answered
Your Score History
You have not taken this quiz since the last reset